Score 0/20 Timer 04:00
12 Plays Today
% Correct
Willy Wonka & the
CHOCOLATE Factory
95.8%
HONEY, I Shrunk the Kids
95.3%
Cloudy with a Chance
of MEATBALLS
93.9%
James and the Giant PEACH
92.8%
American PIE
90.9%
CHICKEN Little
90.1%
Children of the CORN
89.8%
What's Eating Gilbert GRAPE
87.7%
50 First DATES
86.9%
PINEAPPLE Express
86.8%
% Correct
VANILLA Sky
85.6%
Canadian BACON
84.6%
ORANGE County
84.4%
Space JAM
83.5%
Big FISH
82.7%
WHISKEY Tango Foxtrot
82.6%
Home FRIES
79.4%
Mystic PIZZA
79.3%
Maid in MANHATTAN
77.5%
The Life and Times of
Judge Roy BEAN
69.9%

You're not logged in!

Compare scores with friends on all Sporcle quizzes.
OR
Log In

Sporcle TV

Today on Sporcle TV


Watch our educational content, quiz creation guides, and fun videos on Sporcle TV.

Show Comments

Extras

Top Quizzes Today


Score Distribution

Your Account Isn't Verified!

In order to create a playlist on Sporcle, you need to verify the email address you used during registration. Go to your Sporcle Settings to finish the process.

Report this User

Report this user for behavior that violates our Community Guidelines.

Details: